| 000 | 01433cam a2200277 a 4500 | ||
|---|---|---|---|
| 001 | 000012147 | ||
| 005 | 20200929162721.0 | ||
| 008 | 980803s1996 sp a b s001 0 spa | ||
| 020 |
_a8478203214 _z84782031214 |
||
| 035 | _a(SpBaP)pu 970007622 | ||
| 040 |
_aDO-SdBNP _cDLC |
||
| 043 | _ae-sp--- | ||
| 050 | 0 | 0 |
_aDP402.S317 _bZ37 1996 |
| 082 |
_annn _bZ36 |
||
| 245 | 0 | 0 |
_aZaragoza, 1940-1960 : _bcultura, economía y sociedad / _ccoordinadora, María del Carmen Lacarra Ducay. |
| 260 |
_aZaragoza : _bInstitución Fernando el Católico, _c1996. |
||
| 300 |
_a105 p. : _bil. ; _c24 cm. |
||
| 490 | 1 |
_aInstitución Fernando el Católico _v1713 |
|
| 504 | _aIncluye referencias bibliográficas. | ||
| 505 | 0 | _aLa sociedad zaragozana, 1943-1960 / por Eloy Fernández Clemente -- La vida literaria zaragozana, 1943-1960 / por Dámaso Santos Gutiérrez -- Pertinaz sequía : la economía aragonesa entre 1940 y 1960 / por Luis Germán Zubero -- Zaragoza en los años 1940-1950 / por Regino Borobio Navarro -- Las artes plásticas en Aragón, 1943-1960 / por Ángel Azpeitia Burgos -- Conferencia-concierto sobre Pablo Bruna y Gaspar Sanz / estudiados por Pedro Calahorra Martínez. | |
| 651 | 0 |
_aZaragoza (Spain{Rpara} _xCivilization. _928709 |
|
| 700 | 1 |
_aLacarra Ducay, María del Carmen. _ecoor. _98803 |
|
| 830 | 0 |
_aInstitución Fernando el Católico ; _v1713. _916722 |
|
| 910 | _aCatalogación por copia / LC | ||
| 049 | _aBNGR | ||
| 999 |
_c11812 _d11812 |
||